Formula One Top 100 All Time Point Scorers - Statistics

General Stats
  • This quiz has been taken 118 times
    11 since last reset
  • The average score is 58 of 100
Answer Stats
Rank Points Country Answer % Correct
7 2470.5 France Alain Prost
100%
9 1859.5 Brazil Ayrton Senna
100%
31 1091 United Kingdom Damon Hill
100%
5 3235 Spain Fernando Alonso
100%
32 1053 United Kingdom Graham Hill
100%
19 1488 United Kingdom Lando Norris
100%
1 5445.5 United Kingdom Lewis Hamilton
100%
22 1358 Australia Mark Webber
100%
3 3474.5 Netherlands Max Verstappen
100%
2 3890 Germany Michael Schumacher
100%
21 1382 Finland Mika Häkkinen
100%
85 365 United States Phil Hill
100%
30 1096 Germany Ralf Schumacher
100%
12 1747 Monaco Charles Leclerc
89%
14 1726 United Kingdom David Coulthard
89%
10 1836.5 United Kingdom Jenson Button
89%
83 389.5 Germany Jochen Mass
89%
45 808 Argentina Juan Manuel Fangio
89%
6 2791 Finland Kimi Räikkönen
89%
11 1790 Finland Valtteri Bottas
89%
34 993 Brazil Emerson Fittipaldi
78%
70 486 France Esteban Ocon
78%
15 1682 Brazil Felipe Massa
78%
27 1114 United Kingdom George Russell
78%
80 402 Canada Gilles Villeneuve
78%
41 853 Canada Jacques Villeneuve
78%
62 589 Finland Keke Rosberg
78%
15 1682 Brazil Nelson Piquet
78%
61 614 Germany Nico Hülkenberg
78%
13 1737 Germany Nico Rosberg
78%
18 1500 United Kingdom Nigel Mansell
78%
24 1337 Austria Niki Lauda
78%
8 1892 Brazil Rubens Barrichello
78%
4 3283 Germany Sebastian Vettel
78%
17 1630 Mexico Sergio Pérez
78%
76 421 Italy Alberto Ascari
67%
26 1123.5 Argentina Carlos Reutemann
67%
23 1345.5 Spain Carlos Sainz Jr.
67%
25 1329 Australia Daniel Ricciardo
67%
20 1409.5 Austria Gerhard Berger
67%
28 1109 United Kingdom Jackie Stewart
67%
33 1033 France Jean Alesi
67%
29 1106 Italy Riccardo Patrese
67%
82 391 France Romain Grosjean
67%
54 707 Australia Alan Jones
56%
35 940 New Zealand Denny Hulme
56%
47 789 United Kingdom Eddie Irvine
56%
77 417.5 Italy Giuseppe Farina
56%
37 936 Australia Jack Brabham
56%
56 671 Belgium Jacky Ickx
56%
39 894 South Africa Jody Scheckter
56%
92 325 Canada Lance Stroll
56%
57 670 United States Mario Andretti
56%
40 858 Australia Oscar Piastri
56%
72 482 France Pierre Gasly
56%
69 489 Poland Robert Kubica
56%
96 306 Italy Andrea Kimi Antonelli
44%
50 755 New Zealand Bruce McLaren
44%
79 403 United Kingdom Derek Warwick
44%
48 780 Germany Heinz-Harald Frentzen
44%
60 620 United Kingdom James Hunt
44%
46 804 Italy Jarno Trulli
44%
42 833 United Kingdom Jim Clark
44%
67 530 United Kingdom Johnny Herbert
44%
51 731.5 United Kingdom John Watson
44%
43 825 Colombia Juan Pablo Montoya
44%
66 536 United Kingdom Martin Brundle
44%
74 427 France Olivier Panis
44%
52 726 Sweden Ronnie Peterson
44%
63 568 United Kingdom Stirling Moss
44%
100 268 Italy Alessandro Nannini
33%
94 318 Thailand Alexander Albon
33%
89 349 Italy Andrea de Cesaris
33%
44 818 Switzerland Clay Regazzoni
33%
78 414 France Didier Pironi
33%
65 550 Italy Elio de Angelis
33%
36 940 Italy Giancarlo Fisichella
33%
98 281 Finland Heikki Kovalainen
33%
38 919 France Jacques Laffite
33%
58 656 United Kingdom John Surtees
33%
49 763 Italy Michele Alboreto
33%
99 272 Finland Mika Salo
33%
73 446.5 United Kingdom Mike Hawthorn
33%
53 718 Germany Nick Heidfeld
33%
97 299 Mexico Pedro Rodriguez
33%
55 691.5 France René Arnoux
33%
59 650 Belgium Thierry Boutsen
33%
81 392 New Zealand Chris Amon
22%
68 490 United States Dan Gurney
22%
87 361 United States Eddie Cheever
22%
93 322 France François Cevert
22%
86 363 France Jean-Pierre Beltoise
22%
95 311 Sweden Jo Bonnier
22%
88 358 Austria Jochen Rindt
22%
91 331 Switzerland Jo Siffert
22%
90 347 France Maurice Trintignant
22%
64 551 France Patrick Depailler
22%
71 482 France Patrick Tambay
22%
75 422 United States Richie Ginther
22%
84 384 Sweden Stefan Johansson
22%
No matching quizzes found
Score Distribution
Percent of People with Each Score
Percentile by Number Answered
Your Score History
You have not taken this quiz since the last reset